[Event "Politiken Cup 28th"]
[Site "Copenhagen"]
[Date "2006.07.28"]
[Round "7"]
[White "Christensen, Janus"]
[Black "Willumsen, Henrik"]
[Result "1-0"]
[WhiteElo "2100"]
[BlackElo "2227"]
[PlyCount "65"]
[EventDate "2006.07.22"]
[EventType "swiss"]
[EventRounds "9"]
[EventCountry "DEN"]
[SourceTitle "CBM 113 Extra"]
[Source "ChessBase"]
[SourceDate "2006.09.14"]
[SourceVersion "1"]
[SourceVersionDate "2006.09.14"]
[SourceQuality "1"]

1. d4 d5 2. c4 c6 3. g3 Nf6 4. Bg2 dxc4 5. Nf3 Nbd7 6. 0-0 Nb6 7. Bf4 Bf5 8. Nbd2 e6 9. Rc1 Be7 10. Nxc4 Nxc4 11. Rxc4 Qb6 12. Ne5 Rd8 13. b3 0-0 14. Qe1 Be4 15. f3 Bg6 16. e4 c5 17. dxc5 Bxc5+ 18. Kh1 Bd4 19. Nxg6 hxg6 20. Bc7 Qa6 21. Bxd8 Rxd8 22. e5 Nh5 23. Qe4 Bb6 24. g4 f5 25. Qc2 Qa5 26. gxh5 Rd2 27. Qc3 Qxa2 28. hxg6 Kf8 29. Ra1 Rxg2 30. Rc8+ Ke7 31. Rh8 Qd2 32. Qc8 Rxg6 33. Qe8# 1-0

[Event "DEN-ch cand"]
[Site "Aalborg"]
[Date "2006.04.15"]
[Round "5"]
[White "Brondum, Eric"]
[Black "Willumsen, Henrik"]
[Result "1/2-1/2"]
[WhiteElo "2155"]
[BlackElo "2202"]
[PlyCount "49"]
[EventDate "2006.04.11"]
[EventType "swiss"]
[EventRounds "7"]
[EventCountry "DEN"]
[SourceTitle "EXT 2018"]
[Source "ChessBase"]
[SourceDate "2017.10.13"]
[SourceVersion "1"]
[SourceVersionDate "2017.10.13"]
[SourceQuality "1"]

1. d4 d5 2. Nf3 Nf6 3. c4 c6 4. Nc3 e6 5. Bg5 dxc4 6. e4 b5 7. e5 h6 8. Bh4 g5 9. Nxg5 hxg5 10. Bxg5 Nbd7 11. exf6 Bb7 12. g3 c5 13. d5 Qb6 14. Bg2 0-0-0 15. 0-0 b4 16. Rb1 Qa6 17. dxe6 Bxg2 18. e7 Ba8 19. exd8Q+ Kxd8 20. Ne2 Kc8 21. Qd2 Qe6 22. Rbd1 Qh3 23. Qxd7+ Qxd7 24. Rxd7 Kxd7 25. Rd1+ 1/2-1/2